000 00369 a2200157 4500
001 58849
020 _a853570065
040 _cAnchieta - Pituba
100 _aToledo, Eliete
240 1 0 _aHistória cotidiano e mentalidades
_lpor
245 1 0 _aHistória cotidiano e mentalidades
300 _a233/15
362 0 _a2000
650 4 _aHistória do mundo
942 _cBK
999 _c58849
_d58849